Two results about the special local ring
Enregistré dans:
| Auteur principal: | |
|---|---|
| Format: | Chapitre de livre |
| Langue: | anglais |
| Sujets: | |
| Tags: |
Pas de tags, Soyez le premier à ajouter un tag!
|
MARC
| LEADER | 00000naa$a2200000$$$4500 | ||
|---|---|---|---|
| 001 | 0191985 | ||
| 005 | 20240502073225.0 | ||
| 041 | 0 | |a eng | |
| 044 | |a SK | ||
| 245 | 1 | 0 | |a Two results about the special local ring |c Rastislav Jurga |
| 500 | |a GAPF 4/06/2013 | ||
| 610 | 2 | 0 | |a modely ekonometrické |
| 610 | 2 | 0 | |a metódy ekonomicko-matematické |
| 100 | 1 | |a Jurga, Rastislav | |